00702nam a2200217Ia 450000500170000000800410001704000190005804100120007708200130008910000240010224500710012626000390019730000120023650400500024865000150029865100370031385000100035094200070036099900170036795201000038420221026150438.0131103s9999 xx 000 0 und d aLoreto College aEnglish a157bPAR aParkes,Colin Murray aBereavementb studies of grief in adult life cColin Murray Parkes aHarmondsworthbPenguin Booksc1975 a267 p.  aIncludes bibliographical references and index aPsychology aPsychology/ Psychology Of Adults aLCLIB cBK c11029d61508 00102ddc4070aMAINbMAINd2013-11-04l0o157 PAR 25649pB10919r2013-11-04w2013-11-04yBKf